| 000 | 00384nam a22001457a 4500 | ||
|---|---|---|---|
| 003 | MACL | ||
| 005 | 20181215163240.0 | ||
| 008 | 181215b xxu||||| |||| 00| 0 eng d | ||
| 040 | _c MACL | ||
| 100 |
_aSivaraman , P. _973420 |
||
| 245 | _aDynamics of E- Resources and Digital Libraries | ||
| 260 |
_aNew Delhi _bAvon _c2014 |
||
| 650 |
_aSpacial Library _973421 |
||
| 942 |
_2ddc _cBK |
||
| 999 |
_c58728 _d58728 |
||